[Event "6th Sarkany-Aranytiz IM"]
[Site "Budapest"]
[Date "2015.08.19"]
[Round "5.5"]
[White "Milanovic, Slavisa"]
[Black "Trbojevic, Mladen"]
[Result "1/2-1/2"]
[WhiteElo "2407"]
[BlackElo "2381"]
[PlyCount "101"]
[EventDate "2015.08.15"]
[EventType "tourn"]
[EventRounds "9"]
[EventCountry "HUN"]
[EventCategory "4"]

1. c4 e5 2. Nc3 Nc6 3. Nf3 g6 4. d4 exd4 5. Nd5 Bg7 6. Bg5 Nce7 7. Nxd4 c6 8.
Nc3 h6 9. Bh4 Nf6 10. e4 d6 11. Qf3 g5 12. Bg3 O-O 13. Be2 Ng4 14. O-O-O Ng6
15. Qd3 N4e5 16. Qc2 Qf6 17. Nf5 Bxf5 18. exf5 Ne7 19. Ne4 Qxf5 20. Nxd6 Qe6
21. h4 Rad8 22. Nxb7 Rxd1+ 23. Rxd1 gxh4 24. Bxh4 Nf5 25. Nc5 Qg6 26. Bd8 Ng4
27. Bxg4 Qxg4 28. Qe4 Bxb2+ 29. Kc2 Qxe4+ 30. Nxe4 Bd4 31. Bc7 Re8 32. Re1 Kg7
33. Kd3 c5 34. Rb1 Re7 35. Rb7 a6 36. f4 Kh7 37. Ra7 Ng3 38. Nd2 Re3+ 39. Kc2
Re2 40. Kd3 Re3+ 41. Kc2 Ra3 42. Kb1 Ne2 43. Be5 Nc3+ 44. Kc2 Rxa2+ 45. Kd3 Kg6
46. Nf3 Ra3 47. f5+ Kxf5 48. Rxf7+ Kg6 49. Rg7+ Kf5 50. g4+ Ke6 51. Bxd4
1/2-1/2

[Event "6th Sarkany-Aranytiz IM"]
[Site "Budapest"]
[Date "2015.08.20"]
[Round "6.1"]
[White "Ivekovic, Zvonimir"]
[Black "Trbojevic, Mladen"]
[Result "1-0"]
[WhiteElo "2330"]
[BlackElo "2381"]
[PlyCount "115"]
[EventDate "2015.08.15"]
[EventType "tourn"]
[EventRounds "9"]
[EventCountry "HUN"]
[EventCategory "4"]

1. d4 d5 2. c4 c6 3. Nc3 Nf6 4. Bg5 Ne4 5. Nxe4 dxe4 6. Qd2 h6 7. Bf4 Bf5 8. e3
Nd7 9. Ne2 g5 10. Bg3 Bg7 11. h4 c5 12. d5 Qb6 13. Nc3 Ne5 14. Be2 a6 15. Qc2
O-O 16. hxg5 hxg5 17. f3 Nd3+ 18. Bxd3 exd3 19. Qd2 Qb4 20. e4 Bg6 21. Rc1 Rad8
22. O-O Qxc4 23. Nd1 Qb4 24. Qxd3 Qd4+ 25. Qxd4 Bxd4+ 26. Bf2 f5 27. Bxd4 cxd4
28. Nf2 fxe4 29. fxe4 e6 30. dxe6 Rfe8 31. Rc5 Rxe6 32. Rxg5 Kg7 33. Rd1 Rb6
34. b3 Kf6 35. Rc5 Ke6 36. Nh3 Kf7 37. Rd5 Rxd5 38. exd5 Rb4 39. Nf4 Bf5 40. d6
d3 41. Nxd3 Rb5 42. d7 Bxd7 43. Ne5+ Rxe5 44. Rxd7+ Kg6 45. Rxb7 Ra5 46. Rb6+
Kg5 47. a4 Kg4 48. Kf2 Kf4 49. g3+ Ke4 50. Rb4+ Kf5 51. Kf3 Rc5 52. g4+ Kg5 53.
Rb6 Rc3+ 54. Ke4 Kxg4 55. Kd4 Rf3 56. a5 Kf5 57. b4 Rf4+ 58. Kc5 1-0

[Event "6th Sarkany-Aranytiz IM"]
[Site "Budapest"]
[Date "2015.08.20"]
[Round "6.2"]
[White "Goczo, Melinda"]
[Black "Milanovic, Slavisa"]
[Result "1/2-1/2"]
[WhiteElo "2230"]
[BlackElo "2407"]
[PlyCount "101"]
[EventDate "2015.08.15"]
[EventType "tourn"]
[EventRounds "9"]
[EventCountry "HUN"]
[EventCategory "4"]

1. d4 e6 2. c4 Nf6 3. Nf3 Bb4+ 4. Bd2 Qe7 5. g3 Nc6 6. Nc3 Bxc3 7. Bxc3 Ne4 8.
Rc1 O-O 9. Bg2 d6 10. d5 Nxc3 11. Rxc3 Nb8 12. dxe6 fxe6 13. O-O Nd7 14. Nd4 c6
15. e4 Nf6 16. Nc2 e5 17. Ne3 Be6 18. Rd3 Rad8 19. Qa4 a6 20. Rfd1 Nd7 21. Qa3
Nc5 22. R3d2 b5 23. b4 Na4 24. Bf1 h5 25. Qc1 c5 26. a3 a5 27. bxa5 b4 28. Qc2
Nc3 29. Ra1 Qc7 30. axb4 cxb4 31. a6 Ra8 32. Nd1 Bxc4 33. Bxc4+ Qxc4 34. Nxc3
Qxc3 35. Qxc3 bxc3 36. Rxd6 Rf6 37. Rd3 Rc6 38. Rc1 Raxa6 39. Rdxc3 Rxc3 40.
Rxc3 Ra4 41. Re3 g5 42. Rf3 Rxe4 43. Rf5 Kg7 44. f3 Re2 45. Rxg5+ Kh6 46. h4 e4
47. g4 exf3 48. Rxh5+ Kg6 49. Rf5 Rg2+ 50. Kf1 Rxg4 51. Rxf3 1/2-1/2

[Event "6th Sarkany-Aranytiz IM"]
[Site "Budapest"]
[Date "2015.08.20"]
[Round "6.3"]
[White "Ivekovic, Bozidar"]
[Black "Galyas, Miklos"]
[Result "1/2-1/2"]
[WhiteElo "2374"]
[BlackElo "2467"]
[PlyCount "61"]
[EventDate "2015.08.15"]
[EventType "tourn"]
[EventRounds "9"]
[EventCountry "HUN"]
[EventCategory "4"]

1. d4 d6 2. c4 f5 3. g3 Nf6 4. Bg2 g6 5. Nf3 Bg7 6. O-O O-O 7. Nc3 Nc6 8. d5
Ne5 9. Nd2 c6 10. Rb1 Bd7 11. b3 Rc8 12. Nf3 Nfg4 13. Nd4 c5 14. Ne6 Bxe6 15.
dxe6 Nxh2 16. Kxh2 Ng4+ 17. Kg1 Bxc3 18. Bxb7 Rb8 19. Bd5 Bg7 20. Kg2 Qa5 21.
Qc2 Qc3 22. Qxc3 Bxc3 23. f3 Nf6 24. Bg5 Kg7 25. Rfc1 Nxd5 26. cxd5 Bf6 27. Bd2
Rb6 28. Rc4 Ra6 29. a4 Rb6 30. b4 Rfb8 31. f4 1/2-1/2

[Event "6th Sarkany-Aranytiz IM"]
[Site "Budapest"]
[Date "2015.08.20"]
[Round "6.4"]
[White "Jovanovic, Dusan D"]
[Black "Juhasz, Armin"]
[Result "1/2-1/2"]
[WhiteElo "2373"]
[BlackElo "2315"]
[PlyCount "25"]
[EventDate "2015.08.15"]
[EventType "tourn"]
[EventRounds "9"]
[EventCountry "HUN"]
[EventCategory "4"]

1. Nf3 Nf6 2. c4 e6 3. Nc3 d5 4. d4 c5 5. cxd5 cxd4 6. Nxd4 Nxd5 7. Bd2 Be7 8.
e3 Nb6 9. Qc2 O-O 10. Bd3 g6 11. Rd1 e5 12. Nf3 Nc6 13. a3 1/2-1/2

[Event "6th Sarkany-Aranytiz IM"]
[Site "Budapest"]
[Date "2015.08.20"]
[Round "6.5"]
[White "Zentai, Peter"]
[Black "Lyell, Mark"]
[Result "0-1"]
[WhiteElo "2248"]
[BlackElo "2313"]
[PlyCount "190"]
[EventDate "2015.08.15"]
[EventType "tourn"]
[EventRounds "9"]
[EventCountry "HUN"]
[EventCategory "4"]

1. b3 e5 2. Bb2 Nc6 3. e3 d6 4. Nf3 Nf6 5. d4 e4 6. Nfd2 Bg4 7. Be2 Bxe2 8.
Qxe2 d5 9. a3 Ne7 10. Qb5+ c6 11. Qxb7 Rb8 12. Qa6 Qd7 13. Qe2 Ng6 14. c4 Bd6
15. c5 Bc7 16. Nc3 O-O 17. O-O-O Rfe8 18. Kc2 Qf5 19. h3 Nh4 20. g3 Nf3 21.
Nxf3 exf3+ 22. Qd3 Qe6 23. Qa6 Re7 24. Bc1 Bd8 25. b4 Qf5+ 26. Kb3 Qe6 27. Bd2
Reb7 28. Rb1 Ne8 29. Ka2 h5 30. Ka1 Nf6 31. Rb2 h4 32. gxh4 Ne8 33. Rhb1 Bxh4
34. Be1 Nc7 35. Qd3 a6 36. e4 dxe4 37. Nxe4 Nb5 38. Qxf3 Nxa3 39. Qxa3 Qxe4 40.
Qe3 Qd5 41. Qd3 Bf6 42. Bc3 Rd7 43. Rd1 Rb5 44. Ra2 a5 45. bxa5 Rxc5 46. a6 Rb5
47. Qe2 Qb3 48. Qd2 Ra7 49. Rc1 g6 50. Bb2 Rb6 51. Qe2 Kg7 52. f4 Qb5 53. Qxb5
cxb5 54. Kb1 Rbxa6 55. Rxa6 Rxa6 56. Rc5 Ra4 57. Rxb5 Bxd4 58. f5 g5 59. Bc1
Kf6 60. Kc2 Rc4+ 61. Kd3 Rxc1 62. Kxd4 Rf1 63. Ke4 Rf4+ 64. Ke3 Rxf5 65. Rb6+
Kg7 66. Rb4 Re5+ 67. Kf3 f5 68. Rb6 Ra5 69. Kg3 Ra3+ 70. Kg2 Kf7 71. Rc6 Re3
72. Rb6 Re6 73. Rb5 Kg6 74. Rb8 Ra6 75. Rb5 Kf6 76. Rc5 Ke6 77. Kg3 Ra3+ 78.
Kg2 Rd3 79. Rb5 Rd5 80. Rb4 Ke5 81. Rb8 Ke4 82. Re8+ Kf4 83. Re2 Rd3 84. Ra2
Ke4 85. Ra4+ Rd4 86. Ra2 Ke3 87. Kg3 Rd3 88. Ra5 Ke4+ 89. Kg2 Rd2+ 90. Kg1 Kf4
91. Ra3 Re2 92. Ra4+ Kg3 93. Ra3+ Kh4 94. Ra5 f4 95. Rb5 Re3 0-1

[Event "6th Sarkany-Aranytiz IM"]
[Site "Budapest"]
[Date "2015.08.21"]
[Round "7.1"]
[White "Lyell, Mark"]
[Black "Ivekovic, Zvonimir"]
[Result "0-1"]
[WhiteElo "2313"]
[BlackElo "2330"]
[PlyCount "56"]
[EventDate "2015.08.15"]
[EventType "tourn"]
[EventRounds "9"]
[EventCountry "HUN"]
[EventCategory "4"]

1. e4 c5 2. c3 e5 3. Nf3 Nc6 4. Bc4 d6 5. O-O Be6 6. Bxe6 fxe6 7. d4 Nf6 8.
dxe5 dxe5 9. Qb3 Qd7 10. Rd1 Bd6 11. Na3 O-O-O 12. Nc4 Qe7 13. Bg5 h6 14. Be3
Bc7 15. Re1 Nxe4 16. Bxh6 Rxh6 17. Rxe4 Qf6 18. Rae1 Rdh8 19. Ne3 Rg6 20. Qd1
Ne7 21. Ng4 Qf5 22. Ngxe5 Bxe5 23. Nxe5 Rxg2+ 24. Kxg2 Qh3+ 25. Kg1 Qxh2+ 26.
Kf1 Qh1+ 27. Ke2 Qxe4+ 28. Kd2 Rd8+ 0-1

[Event "6th Sarkany-Aranytiz IM"]
[Site "Budapest"]
[Date "2015.08.21"]
[Round "7.2"]
[White "Juhasz, Armin"]
[Black "Zentai, Peter"]
[Result "1-0"]
[WhiteElo "2315"]
[BlackElo "2248"]
[PlyCount "139"]
[EventDate "2015.08.15"]
[EventType "tourn"]
[EventRounds "9"]
[EventCountry "HUN"]
[EventCategory "4"]

1. c4 c6 2. d4 d5 3. Nc3 Nf6 4. e3 e6 5. Nf3 Nbd7 6. Qc2 Bd6 7. b3 O-O 8. Be2
Qe7 9. O-O b6 10. Bb2 Bb7 11. Rad1 Rac8 12. e4 dxe4 13. Nxe4 Nxe4 14. Qxe4 Nf6
15. Qh4 Rfd8 16. Bd3 Ba3 17. Ba1 Bb4 18. Ne5 h6 19. Ng4 Nxg4 20. Qxg4 f5 21.
Qe2 Qf7 22. Bb2 Bf8 23. Rfe1 Bb4 24. Rf1 Bf8 25. c5 Re8 26. b4 g6 27. Bc4 b5
28. Bb3 Rcd8 29. Rd3 Bg7 30. f4 Kh7 31. Kh1 Bc8 32. Qf3 Bd7 33. Re1 Bf6 34. g3
Re7 35. Bc3 Qg7 36. h3 Bc8 37. Red1 Qf7 38. Kg1 Bb7 39. Kf1 Qg7 40. R1d2 Qf7
41. Ke2 Bg7 42. Kd1 Bf6 43. Kc2 Bg7 44. Kb1 Bf6 45. Qe3 Bc8 46. g4 Bg7 47. Rg2
Bh8 48. Rd1 Rg8 49. Rdg1 Ree8 50. h4 h5 51. gxh5 gxh5 52. Bd1 Bf6 53. Rg5 Bxg5
54. hxg5 e5 55. Qh3 Rg6 56. Bxh5 Kg7 57. d5 cxd5 58. Bxe5+ Kg8 59. Rh1 Bd7 60.
Bxg6 Qxg6 61. Qh8+ Kf7 62. Rh7+ Ke6 63. Rh6 Rxh8 64. Rxg6+ Kf7 65. Rg7+ Ke6 66.
c6 Rh1+ 67. Kb2 Rh2+ 68. Kc3 Bxc6 69. Rg6+ Kd7 70. Rd6+ 1-0

[Event "6th Sarkany-Aranytiz IM"]
[Site "Budapest"]
[Date "2015.08.21"]
[Round "7.3"]
[White "Galyas, Miklos"]
[Black "Jovanovic, Dusan D"]
[Result "1/2-1/2"]
[WhiteElo "2467"]
[BlackElo "2373"]
[PlyCount "29"]
[EventDate "2015.08.15"]
[EventType "tourn"]
[EventRounds "9"]
[EventCountry "HUN"]
[EventCategory "4"]

1. d4 Nf6 2. c4 e6 3. Nc3 Bb4 4. Qc2 O-O 5. a3 Bxc3+ 6. Qxc3 d6 7. Nf3 b6 8. e3
Bb7 9. Be2 Nbd7 10. b4 Qe7 11. Bb2 Rac8 12. O-O c5 13. dxc5 bxc5 14. b5 Ba8 15.
a4 1/2-1/2

[Event "6th Sarkany-Aranytiz IM"]
[Site "Budapest"]
[Date "2015.08.21"]
[Round "7.4"]
[White "Milanovic, Slavisa"]
[Black "Ivekovic, Bozidar"]
[Result "1/2-1/2"]
[WhiteElo "2407"]
[BlackElo "2374"]
[PlyCount "40"]
[EventDate "2015.08.15"]
[EventType "tourn"]
[EventRounds "9"]
[EventCountry "HUN"]
[EventCategory "4"]

1. c4 e5 2. Nc3 Nc6 3. Nf3 Nf6 4. a3 g6 5. g3 Bg7 6. Bg2 O-O 7. O-O d6 8. d3
Be6 9. Rb1 h6 10. b4 Qd7 11. b5 Ne7 12. Re1 Bh3 13. Bh1 Ng4 14. Qb3 Kh7 15. a4
f5 16. Bb2 Rae8 17. a5 f4 18. Ne4 fxg3 19. hxg3 Qf5 20. Bg2 Bxg2 1/2-1/2

[Event "6th Sarkany-Aranytiz IM"]
[Site "Budapest"]
[Date "2015.08.21"]
[Round "7.5"]
[White "Trbojevic, Mladen"]
[Black "Goczo, Melinda"]
[Result "0-1"]
[WhiteElo "2381"]
[BlackElo "2230"]
[PlyCount "104"]
[EventDate "2015.08.15"]
[EventType "tourn"]
[EventRounds "9"]
[EventCountry "HUN"]
[EventCategory "4"]

1. g3 d5 2. Bg2 e5 3. d3 Nf6 4. Nf3 Nbd7 5. O-O Bd6 6. c4 c6 7. Nc3 d4 8. Ne4
Nxe4 9. dxe4 a5 10. Nh4 O-O 11. Nf5 Nc5 12. f4 Bxf5 13. exf5 Re8 14. b3 exf4
15. Kh1 d3 16. exd3 Be5 17. Rb1 Nxd3 18. Bxf4 Bxf4 19. gxf4 Re1 20. Qf3 Rxb1
21. Rxb1 Qd4 22. Rf1 f6 23. h3 Re8 24. Kh2 Ne1 25. Qf2 Qd1 26. Kg1 Re2 27. Bf3
Nxf3+ 28. Qxf3 Qd4+ 29. Kh1 Rxa2 30. Re1 Qd2 31. Qg3 Qd7 32. Qe3 Rd2 33. Qe8+
Qxe8 34. Rxe8+ Kf7 35. Rb8 Rd7 36. Kg2 Ke7 37. c5 Kf7 38. Kf2 g6 39. fxg6+ Kxg6
40. Ke3 Kf5 41. Ra8 Re7+ 42. Kd4 Kxf4 43. Rxa5 Rd7+ 44. Kc4 Ke3 45. Ra7 f5 46.
b4 f4 47. b5 cxb5+ 48. Kxb5 f3 49. Kb6 f2 50. c6 Rd6 51. Ra3+ Kf4 52. Ra4+ Kg3
0-1

[Event "6th Sarkany-Aranytiz IM"]
[Site "Budapest"]
[Date "2015.08.22"]
[Round "8.1"]
[White "Ivekovic, Zvonimir"]
[Black "Goczo, Melinda"]
[Result "1-0"]
[WhiteElo "2330"]
[BlackElo "2230"]
[PlyCount "61"]
[EventDate "2015.08.15"]
[EventType "tourn"]
[EventRounds "9"]
[EventCountry "HUN"]
[EventCategory "4"]

1. e4 e6 2. d4 d5 3. Nc3 Bb4 4. a3 Bxc3+ 5. bxc3 Ne7 6. Bd3 c5 7. exd5 exd5 8.
dxc5 Qa5 9. Nf3 Qxc3+ 10. Bd2 Qxc5 11. O-O Nbc6 12. Ng5 h6 13. Qh5 O-O 14. Nh7
Rd8 15. Bxh6 Qd4 16. Bg5 Qg4 17. Nf6+ gxf6 18. Qh7+ Kf8 19. Qh8+ Ng8 20. Bxf6
Nce7 21. Rfe1 Be6 22. h3 Qf4 23. Qg7+ Ke8 24. Bg5 Qc7 25. Bb5+ Rd7 26. c4 d4
27. Bxe7 Kxe7 28. Rxe6+ Kxe6 29. Re1+ Kf5 30. Bxd7+ Qxd7 31. Qg4+ 1-0

[Event "6th Sarkany-Aranytiz IM"]
[Site "Budapest"]
[Date "2015.08.22"]
[Round "8.2"]
[White "Ivekovic, Bozidar"]
[Black "Trbojevic, Mladen"]
[Result "1/2-1/2"]
[WhiteElo "2374"]
[BlackElo "2381"]
[PlyCount "154"]
[EventDate "2015.08.15"]
[EventType "tourn"]
[EventRounds "9"]
[EventCountry "HUN"]
[EventCategory "4"]

1. d4 d5 2. c4 c6 3. cxd5 cxd5 4. Nc3 Nf6 5. Bg5 Ne4 6. Nf3 Nc6 7. e3 Bg4 8.
Bh4 g5 9. Bg3 e6 10. Qa4 Nxc3 11. bxc3 Bxf3 12. gxf3 a6 13. Bd3 b5 14. Qc2 Rc8
15. O-O Nb4 16. Qd2 Nxd3 17. Qxd3 Rc4 18. e4 Be7 19. Rfe1 O-O 20. Rad1 b4 21.
exd5 Qxd5 22. cxb4 Rd8 23. Qf1 Rxb4 24. Re5 Qxf3 25. d5 Bf6 26. Re3 Qh5 27. d6
e5 28. Red3 Rd7 29. Qe1 Qg4 30. f3 Qc4 31. Rc3 Qb5 32. Bf2 Rc4 33. Rcd3 Qc6 34.
Qe3 e4 35. fxe4 Rxe4 36. Qf3 Kg7 37. Rd5 Qc4 38. Rf5 Rf4 39. Rxf4 Qxf4 40. Qxf4
gxf4 41. Rd5 Bd8 42. Kg2 Kf6 43. Bc5 Ke6 44. Rh5 f6 45. Kf3 Ba5 46. Kxf4 Bc3
47. Ke4 Be5 48. Rh6 Bxd6 49. Bxd6 Rxd6 50. Rxh7 Rd2 51. a3 Ra2 52. Rb7 Rxa3 53.
Rb6+ Kf7 54. h4 Kg6 55. Kf4 Ra4+ 56. Kg3 Kf5 57. h5 Kg5 58. h6 f5 59. h7 Rg4+
60. Kf3 Rh4 61. Rxa6 Rxh7 62. Ra4 Rh3+ 63. Kg2 Rb3 64. Kf2 Rc3 65. Ra5 Kg4 66.
Ra4+ f4 67. Ra2 Rh3 68. Ra8 Rf3+ 69. Kg2 Rg3+ 70. Kf2 Rf3+ 71. Kg2 Re3 72. Rg8+
Kf5 73. Rf8+ Ke4 74. Re8+ Kd3 75. Rf8 Rg3+ 76. Kf2 Ke4 77. Re8+ Kf5 1/2-1/2

[Event "6th Sarkany-Aranytiz IM"]
[Site "Budapest"]
[Date "2015.08.22"]
[Round "8.3"]
[White "Jovanovic, Dusan D"]
[Black "Milanovic, Slavisa"]
[Result "1/2-1/2"]
[WhiteElo "2373"]
[BlackElo "2407"]
[PlyCount "26"]
[EventDate "2015.08.15"]
[EventType "tourn"]
[EventRounds "9"]
[EventCountry "HUN"]
[EventCategory "4"]

1. Nf3 c5 2. b3 Nc6 3. Bb2 d6 4. d4 cxd4 5. Nxd4 Nf6 6. e3 e6 7. Be2 Be7 8. O-O
O-O 9. c4 Ne5 10. Nc3 a6 11. Qd2 Qc7 12. Rac1 Re8 13. h3 b6 1/2-1/2

[Event "6th Sarkany-Aranytiz IM"]
[Site "Budapest"]
[Date "2015.08.22"]
[Round "8.5"]
[White "Lyell, Mark"]
[Black "Juhasz, Armin"]
[Result "1-0"]
[WhiteElo "2313"]
[BlackElo "2315"]
[PlyCount "81"]
[EventDate "2015.08.15"]
[EventType "tourn"]
[EventRounds "9"]
[EventCountry "HUN"]
[EventCategory "4"]

1. e4 c6 2. Nc3 d5 3. Nf3 Bg4 4. h3 Bxf3 5. Qxf3 Nf6 6. d3 e6 7. Bd2 Qb6 8.
O-O-O Bb4 9. g4 h6 10. Bg2 Nbd7 11. Qg3 d4 12. Ne2 Bxd2+ 13. Rxd2 g5 14. f4
gxf4 15. Qxf4 e5 16. Qf3 Qa5 17. a3 b5 18. c3 c5 19. cxd4 cxd4 20. Rc2 Ke7 21.
Kb1 Rhc8 22. Rhc1 Kd8 23. Nxd4 exd4 24. e5 Ne8 25. Qxf7 Rxc2 26. Rxc2 Rb8 27.
Bc6 Qc7 28. e6 Ndf6 29. Bxe8 Qxf7 30. exf7 Ke7 31. Re2+ Kf8 32. Re6 Nxe8 33.
Rxe8+ Rxe8 34. fxe8=Q+ Kxe8 35. Kc2 Ke7 36. Kb3 Kf6 37. h4 Ke5 38. Kb4 Kf4 39.
g5 hxg5 40. hxg5 Kxg5 41. Kxb5 1-0

[Event "6th Sarkany-Aranytiz IM"]
[Site "Budapest"]
[Date "2015.08.23"]
[Round "9.1"]
[White "Juhasz, Armin"]
[Black "Ivekovic, Zvonimir"]
[Result "1/2-1/2"]
[WhiteElo "2315"]
[BlackElo "2330"]
[PlyCount "114"]
[EventDate "2015.08.15"]
[EventType "tourn"]
[EventRounds "9"]
[EventCountry "HUN"]
[EventCategory "4"]

1. Nf3 Nf6 2. g3 c5 3. Bg2 Nc6 4. O-O d5 5. d4 Qb6 6. dxc5 Qxc5 7. Be3 Qd6 8.
c4 e5 9. cxd5 Nxd5 10. Bc1 Ndb4 11. Nc3 Bf5 12. Nb5 Qxd1 13. Rxd1 Rc8 14. Bd2
Be7 15. Bc3 f6 16. a3 Na6 17. Nd2 O-O 18. Ne4 Bxe4 19. Bxe4 Nc5 20. Bc2 Kh8 21.
Nd6 Bxd6 22. Rxd6 Rfd8 23. Rad1 Nd4 24. Rxd8+ Rxd8 25. Kf1 Rd7 26. Bb1 Nb5 27.
Rxd7 Nxd7 28. Bb4 b6 29. Bd3 Nd4 30. e3 Nb3 31. Bc4 Nbc5 32. Ke2 g6 33. Bb5 Kg7
34. Be1 Nf8 35. Bc4 a5 36. Bd5 Nfd7 37. b4 axb4 38. axb4 Na6 39. Bc6 Ndb8 40.
Bb7 Nc7 41. Kd3 Nd7 42. f4 Kf7 43. Bc3 Ke7 44. Bc6 Nb8 45. Bg2 Kd6 46. fxe5+
fxe5 47. g4 Nd5 48. Bd2 Na6 49. Kc4 Nac7 50. b5 g5 51. Be4 h6 52. Bc1 Ne7 53.
h3 Ke6 54. Ba3 Ncd5 55. Kd3 Nf6 56. Bb7 Ne8 57. Bc6 Nd6 1/2-1/2

[Event "6th Sarkany-Aranytiz IM"]
[Site "Budapest"]
[Date "2015.08.23"]
[Round "9.2"]
[White "Galyas, Miklos"]
[Black "Lyell, Mark"]
[Result "0-1"]
[WhiteElo "2467"]
[BlackElo "2313"]
[PlyCount "86"]
[EventDate "2015.08.15"]
[EventType "tourn"]
[EventRounds "9"]
[EventCountry "HUN"]
[EventCategory "4"]

1. g3 e5 2. Bg2 d5 3. d3 Nc6 4. Nf3 Be6 5. O-O f6 6. e4 dxe4 7. dxe4 Bc5 8. Qe2
Qe7 9. Nbd2 Qf7 10. c3 a5 11. b3 Nge7 12. Ne1 a4 13. b4 Bb6 14. a3 Nc8 15. Nc2
h5 16. Ne3 h4 17. Rd1 hxg3 18. hxg3 Bxe3 19. Qxe3 Qh5 20. Bb2 Nd6 21. f3 f5 22.
Nf1 fxe4 23. Rxd6 cxd6 24. Qxe4 Qh7 25. Qe2 Bh3 26. Rd1 Bxg2 27. Qxg2 O-O-O 28.
Bc1 d5 29. Bg5 Rd6 30. Ne3 Qh5 31. f4 d4 32. g4 Qh3 33. Nc4 Rg6 34. b5 Qxc3 35.
Nb6+ Kb8 36. bxc6 Rxc6 37. Nd7+ Ka8 38. fxe5 Qb3 39. Rf1 Rc2 40. Rf2 Rxf2 41.
Kxf2 Qf7+ 42. Nf6 gxf6 43. exf6 Rg8 0-1

[Event "6th Sarkany-Aranytiz IM"]
[Site "Budapest"]
[Date "2015.08.23"]
[Round "9.3"]
[White "Milanovic, Slavisa"]
[Black "Zentai, Peter"]
[Result "0-1"]
[WhiteElo "2407"]
[BlackElo "2248"]
[PlyCount "142"]
[EventDate "2015.08.15"]
[EventType "tourn"]
[EventRounds "9"]
[EventCountry "HUN"]
[EventCategory "4"]

1. c4 c6 2. Nc3 d5 3. d4 Nf6 4. Nf3 dxc4 5. a4 Bf5 6. e3 e6 7. Bxc4 Bb4 8. O-O
Nbd7 9. Qe2 Bg6 10. e4 O-O 11. e5 Nd5 12. Nxd5 cxd5 13. Bd3 Rc8 14. Bxg6 fxg6
15. Qb5 a5 16. Qxb7 Rc2 17. Qa6 Qb6 18. Qd3 Rfc8 19. h4 Qc6 20. Ng5 Nf8 21. Qf3
h6 22. Qf7+ Kh8 23. Nf3 Qc4 24. Be3 Qb3 25. Rac1 Rxc1 26. Bxc1 Qxa4 27. Nh2 Qc2
28. Ng4 Rc7 29. Qf3 Qf5 30. Qg3 Qe4 31. Be3 Rc2 32. f3 Qd3 33. Qf4 Qf5 34. Rf2
Qxf4 35. Bxf4 Rc4 36. Be3 Be1 37. Rf1 Bxh4 38. Ra1 a4 39. Rc1 Rxc1+ 40. Bxc1
Nd7 41. Kf1 Kg8 42. Ke2 Kf7 43. f4 Nb6 44. Ne3 Ke7 45. Bd2 Kd7 46. Kd3 Kc6 47.
Nf1 Nc4 48. Bc3 h5 49. g3 Be7 50. Nh2 g5 51. Nf3 gxf4 52. gxf4 Kd7 53. Kc2 Ke8
54. Be1 Ne3+ 55. Kd3 Ng2 56. Bd2 Kf7 57. Ke2 Kg6 58. Kf2 Nh4 59. Ne1 Kf5 60.
Ke3 g5 61. Nd3 gxf4+ 62. Ke2 f3+ 63. Kf2 Ke4 64. Nc5+ Bxc5 65. dxc5 Nf5 66. c6
Ne7 67. c7 Nc8 68. Bg5 Kxe5 69. Kxf3 Kd6 70. Bf4+ Kd7 71. Ke3 Na7 0-1

[Event "6th Sarkany-Aranytiz IM"]
[Site "Budapest"]
[Date "2015.08.23"]
[Round "9.4"]
[White "Trbojevic, Mladen"]
[Black "Jovanovic, Dusan D"]
[Result "0-1"]
[WhiteElo "2381"]
[BlackElo "2373"]
[PlyCount "102"]
[EventDate "2015.08.15"]
[EventType "tourn"]
[EventRounds "9"]
[EventCountry "HUN"]
[EventCategory "4"]

1. e4 e5 2. Nf3 Nc6 3. Bc4 Bc5 4. c3 Nf6 5. d3 d6 6. Bb3 a6 7. h3 Ba7 8. Nbd2
O-O 9. Nf1 d5 10. Qe2 dxe4 11. dxe4 Nh5 12. g3 Nf6 13. Bc2 Ne8 14. g4 Nd6 15.
Ne3 Be6 16. O-O h5 17. Nh2 Qh4 18. Qf3 Bxe3 19. Bxe3 Ne7 20. Qg3 Qxg3+ 21. fxg3
Rfd8 22. gxh5 Bxh3 23. Rf2 Be6 24. Nf3 f6 25. Nd2 Nc4 26. Nxc4 Bxc4 27. h6 b6
28. Kg2 Bd3 29. Bxd3 Rxd3 30. Kf3 f5 31. hxg7 Kxg7 32. Raf1 f4 33. gxf4 exf4
34. Kxf4 Rf8+ 35. Kg4 Rxf2 36. Bxf2 c5 37. Bg3 Ng6 38. Rf3 Rd2 39. Rf2 Rxf2 40.
Bxf2 Ne5+ 41. Kf5 Nd3 42. Bg3 Kf7 43. Bc7 b5 44. Bd6 c4 45. b3 b4 46. bxc4 bxc3
47. Ba3 c2 48. e5 c1=Q 49. e6+ Ke8 50. Bxc1 Nxc1 51. c5 Nxa2 0-1

[Event "6th Sarkany-Aranytiz IM"]
[Site "Budapest"]
[Date "2015.08.23"]
[Round "9.5"]
[White "Goczo, Melinda"]
[Black "Ivekovic, Bozidar"]
[Result "1-0"]
[WhiteElo "2230"]
[BlackElo "2374"]
[PlyCount "47"]
[EventDate "2015.08.15"]
[EventType "tourn"]
[EventRounds "9"]
[EventCountry "HUN"]
[EventCategory "4"]

1. d4 Nf6 2. c4 e6 3. Nf3 Bb4+ 4. Bd2 Qe7 5. g3 Bxd2+ 6. Qxd2 Nc6 7. Nc3 d5 8.
cxd5 exd5 9. a3 O-O 10. Bg2 Ne4 11. Qc2 Nxc3 12. Qxc3 Qe4 13. e3 Bh3 14. Bxh3
Qxf3 15. O-O Qh5 16. Bg2 Rfd8 17. b4 Rac8 18. b5 Nb8 19. Qa5 a6 20. bxa6 Nxa6
21. Rab1 Rb8 22. e4 c5 23. Rxb7 Ra8 24. Ra7 1-0